000 00286nam a2200109Ia 4500
008 200302s9999 xx 000 0 und d
100 _aMartha Thorne
245 _aModern Trains and Splendid Stations
260 _bMerrell The art Institute of Chicago
260 _c2001
300 _a160 P.,
999 _c1971
_d1971